| 000 | 01191cam a2200181 i 4500 | ||
|---|---|---|---|
| 020 | _a9789388945790 | ||
| 041 | _aENG | ||
| 082 |
_a261 _bSAM |
||
| 100 | 1 | _aSamuel, Joshua, | |
| 245 | 1 | 0 | _aChurch and religious diversity |
| 260 |
_a Delhi, _bIndian Society for Promoting Christian Knowledge ; Council for World Mission, _c2020 |
||
| 300 | _axvii, 143 pages ; | ||
| 505 | _aIntroduction / John J. Thatamanil 1. Church as an event and religious diversity 2. Christian engagement with other religious traditions 3. Theological approaches to religious diversity 4. Rethinking Christian claims of exclusivism 5. Listening to silenced voices : ethical norms for interfaith dialogue and action Bible study 1 : Building interfaith solidarities for justice Bible study 2 : Banque beyond boundaries : a re-vision of the Kingdom of Heaven Bible study 3 : Jesus the interreligious learner Liturgy 1 : Freedomand haromnious living : a challenge for a pluralistic world Liturgy 2 : Justic : Divine imperative in a plural world Afterword / Peniel Jesudason Rufus Rajkumar | ||
| 650 | 0 | _aChristianity and other religions. | |
| 650 | 0 | _aReligious pluralism. | |
| 700 | 1 | _aMall, Samuel, | |
| 942 | _cBK | ||
| 999 |
_c23480 _d23480 |
||